| 000 | 00752cam a22002533a 4500 | ||
|---|---|---|---|
| 001 | 14491 | ||
| 003 | PGUSA | ||
| 005 | 20140828083317.0 | ||
| 008 | 041228s2004||||xxu|||||s|||||000 1 eng d | ||
| 040 |
_aPGUSA _beng |
||
| 042 | _adc | ||
| 050 | 4 | _aPS | |
| 100 | 1 |
_aRichmond, Grace S. _q(Grace Smith), _d1866-1959 |
|
| 245 | 1 | 4 |
_aThe Twenty-Fourth of June : _bMidsummer's Day _h[electronic resource] / _cGrace S. Richmond |
| 260 |
_bProject Gutenberg, _c2004 |
||
| 506 | _aPublic domain in the USA. | ||
| 516 | _aElectronic text | ||
| 653 | _aChildren of the rich -- Fiction | ||
| 653 | _aYoung women -- Fiction | ||
| 653 | _aLove stories | ||
| 830 | 0 |
_aProject Gutenberg _v14491 |
|
| 856 | 4 | 0 | _uhttp://www.gutenberg.org/ebooks/14491 |
| 942 | _cEB | ||
| 999 |
_c243746 _d243746 |
||